Laws matter / Jill Keppeler.
Available copies
- 1 of 1 copy available at LARL/NWRL Consortium.
- 1 of 1 copy available at Lake Agassiz Regional Library. (Show preferred library)
Current holds
0 current holds with 1 total copy.
Show Only Available Copies
| Location | Call Number / Copy Notes | Barcode | Shelving Location | Status | Due Date |
|---|---|---|---|---|---|
| Crookston Public Library | J 346.7301 KEP (Text) | 33500014362834 | New | Available | - |
Record details
- ISBN: 9781499457018
- ISBN: 1499457014
- ISBN: 9781499457001
- ISBN: 1499457006
- Physical Description: 24 pages : color illustrations ; 21 cm
- Publisher: Buffalo : PowerKids Press, 2026.
Content descriptions
| Bibliography, etc. Note: | Includes bibliographical references and index. |
| Formatted Contents Note: | Laws of the Land -- Early Days -- A Landmark Case ... Read More |
| Summary, etc.: | "It's been a long road for those who fight for ... Read More |
Search for related items by subject
Search for related items by series
| LDR | 03424cam a22005778i 4500 | ||
|---|---|---|---|
| 001 | 484882 | ||
| 003 | LARL_NWRL_CONSORTIUM | ||
| 005 | 20260414142202.0 | ||
| 008 | 250724s2026 nyua j b 001 0 eng | ||
| 007 | t| | ||
| 010 | . | ‡a 2025032720 | |
| 040 | . | ‡aDLC ‡beng ‡erda ‡cDLC ‡dOCLCO ‡dHCO ‡dJFL | |
| 020 | . | ‡a9781499457018 ‡qlibrary binding | |
| 020 | . | ‡a1499457014 | |
| 020 | . | ‡a9781499457001 ‡qpaperback | |
| 020 | . | ‡a1499457006 | |
| 020 | . | ‡z9781499457025 ‡qebook | |
| 035 | . | ‡a(OCoLC)1528966082 | |
| 042 | . | ‡apcc | |
| 043 | . | ‡an-us--- ‡0http://id.loc.gov/authorities/names/n78095330 | |
| 082 | 0 | 0. | ‡a346.7301/3087 ‡223/eng/20250725 |
| 100 | 1 | . | ‡aKeppeler, Jill ‡eauthor ‡4aut ‡4http://id.loc.gov/vocabulary/relators/aut ‡1http://id.loc.gov/rwo/agents/no2015170115. |
| 245 | 1 | 0. | ‡aLaws matter / ‡cJill Keppeler. |
| 264 | 1. | ‡aBuffalo : ‡bPowerKids Press, ‡c2026. | |
| 300 | . | ‡a24 pages : ‡bcolor illustrations ; ‡c21 cm | |
| 334 | . | ‡asingle unit ‡bmono ‡0http://id.loc.gov/vocabulary/issuance/mono | |
| 336 | . | ‡atext ‡btxt ‡2rdacontent ‡0http://id.loc.gov/vocabulary/contentTypes/txt | |
| 337 | . | ‡aunmediated ‡bn ‡2rdamedia ‡0http://id.loc.gov/vocabulary/mediaTypes/n | |
| 338 | . | ‡avolume ‡bnc ‡2rdacarrier ‡0http://id.loc.gov/vocabulary/carriers/nc | |
| 353 | . | ‡abibliography ‡bbibliography ‡0http://id.loc.gov/vocabulary/msupplcont/bibliography | |
| 353 | . | ‡aindex ‡bindex ‡0http://id.loc.gov/vocabulary/msupplcont/index | |
| 490 | 0 | . | ‡aDisability pride |
| 504 | . | ‡aIncludes bibliographical references and index. | |
| 505 | 0 | . | ‡aLaws of the Land -- Early Days -- A Landmark Case -- Moving Toward Rights -- Sitting In -- The ADA -- ADA Amendments -- Moving Forward. |
| 520 | . | ‡a"It's been a long road for those who fight for disability rights. Including the 1990 Americans with Disabilities Act and beyond, legal reform has often proven key to making sure these rights are protected, and that fight continues today. This book examines the history of disability rights laws in the United States and how they've made a difference throughout the years, along with setbacks along the way and how people continue to work for these laws now. Intriguing fact boxes, full-color photos, and historic details will draw in readers and showcase how much laws matter"-- Provided by publisher. | |
| 610 | 1 | 0. | ‡aUnited States. ‡tAmericans with Disabilities Act of 1990 ‡1http://id.loc.gov/resources/hubs/6dfb71dc-b587-b74b-9820-3e760a02efdc ‡0(LARL_NWRL_CONSORTIUM)137827 |
| 610 | 1 | 0. | ‡aUnited States. ‡tADA Amendments Act of 2008 ‡1http://id.loc.gov/resources/hubs/f0310cd2-7e32-1f8f-43f8-fcdeea60047b |
| 650 | 0. | ‡aPeople with disabilities ‡xLegal status, laws, etc. ‡zUnited States ‡vJuvenile literature. | |
| 650 | 0. | ‡aCapacity and disability ‡zUnited States ‡vJuvenile literature. | |
| 758 | . | ‡1http://id.loc.gov/resources/instances/in00024287407 | |
| 758 | . | ‡4http://id.loc.gov/ontologies/bibframe/instanceOf ‡1http://id.loc.gov/resources/works/in00024287407 | |
| 884 | . | ‡aDLC bibframe2marc v2.10 ‡g20250725 ‡qDLC ‡uhttps://github.com/lcnetdev/bibframe2marc/releases/tag/v2.10 | |
| 901 | . | ‡a484882 ‡bAUTOGEN ‡c484882 ‡tbiblio | |

Add to basket
Permalink
Disable Highlighting